ბათუმის შოთა რუსთაველის სახელმწიფო უნივერსიტეტის ბიბლიოთეკა

Environmental Management : (ბიბ.ჩანაწერი № 62287)

000 -LEADER
fixed length control field 00619nam a22001817a 4500
005 - DATE AND TIME OF LATEST TRANSACTION
control field 20240916141253.0
008 - FIXED-LENGTH DATA ELEMENTS--GENERAL INFORMATION
fixed length control field 240916s2023 enk||||| |||| 00| 0 eng d
020 ## - INTERNATIONAL STANDARD BOOK NUMBER
International Standard Book Number 9781009112062x
041 ## - LANGUAGE CODE
Language code of text/sound track or separate title eng
080 ## - UNIVERSAL DECIMAL CLASSIFICATION NUMBER
Universal Decimal Classification number 502/504 L-20
100 ## - MAIN ENTRY--PERSONAL NAME
Personal name Lame, Marc
9 (RLIN) 23231
245 ## - TITLE STATEMENT
Title Environmental Management :
Remainder of title Concepts and Practical Skills /
Statement of responsibility, etc. Marc Lame, Marcantonio, R.
264 ## - PRODUCTION, PUBLICATION, DISTRIBUTION, MANUFACTURE, AND COPYRIGHT NOTICE
Place of production, publication, distribution, manufacture Cambridge :
Name of producer, publisher, distributor, manufacturer Cambridge University Press,
Date of production, publication, distribution, manufacture, or copyright notice 2023.
300 ## - PHYSICAL DESCRIPTION
Extent 325 p. ;
Other physical details 25 cm.
653 ## - INDEX TERM--UNCONTROLLED
keyword გარემოს მენეჯმენტი
700 ## - ADDED ENTRY--PERSONAL NAME
Personal name Marcantonio, R.
Relator term ავტორი
9 (RLIN) 23232
942 ## - ADDED ENTRY ELEMENTS (KOHA)
Source of classification or shelving scheme
Koha item type წიგნი
ეგზემპლარები
Withdrawn status Lost status Source of classification or shelving scheme Damaged status Not for loan Permanent Location Current Location Shelving location Date acquired Cost, normal purchase price Full call number Barcode Date last seen Copy number Price effective from Koha item type Public note
          ბათუმის შოთა რუსთაველის სახელმწიფო უნივერსიტეტის მთავარი ბიბლიოთეკა ბათუმის შოთა რუსთაველის სახელმწიფო უნივერსიტეტის მთავარი ბიბლიოთეკა წიგნსაცავი 2024-09-16 151.00 502/504 L-20 68867 2024-09-16 68867 2024-09-16 წიგნი 151 ლ.
          ბათუმის შოთა რუსთაველის სახელმწიფო უნივერსიტეტის მთავარი ბიბლიოთეკა ბათუმის შოთა რუსთაველის სახელმწიფო უნივერსიტეტის მთავარი ბიბლიოთეკა წიგნსაცავი 2024-09-16 151.00 502/504 L-20 68868 2024-09-16 68868 2024-09-16 წიგნი 151 ლ.